[Event "XIX Magistral de Elgoibar"]
[Site "Elgoibar"]
[Date "2009.??.??"]
[Round "6.2"]
[White "Cruz, Cristhian"]
[Black "Mirzoev, Azer"]
[Result "1/2-1/2"]
[WhiteElo "2523"]
[BlackElo "2617"]
[PlyCount "76"]
[EventDate "2009.12.10"]
[EventType "tourn"]
[EventRounds "9"]

1. c4 e6 2. d4 d5 3. Nc3 Be7 4. cxd5 exd5 5. Bf4 c6 6. e3 Bf5 7. Bd3 Bxd3 8.
Qxd3 Nf6 9. h3 Nbd7 10. Nge2 Nf8 11. f3 Ng6 12. Bg3 O-O 13. Bf2 c5 14. g4 cxd4
15. Nxd4 Ne5 16. Qe2 Bb4 17. O-O Bxc3 18. bxc3 Rc8 19. Rad1 Re8 20. Nf5 Rxc3
21. Be1 Rc5 22. e4 Ng6 23. Qb2 Qb6 24. Qxb6 axb6 25. Bf2 Ra5 26. Bxb6 Rxa2 27.
exd5 Nf4 28. Rfe1 Rxe1+ 29. Rxe1 h5 30. d6 Nxh3+ 31. Kf1 hxg4 32. fxg4 Nf4 33.
Bd4 Ne6 34. Bxf6 gxf6 35. Rb1 Kh7 36. Rxb7 Kg6 37. Ke1 Ra4 38. d7 Rxg4 1/2-1/2

[Event "XIX Magistral de Elgoibar"]
[Site "Elgoibar"]
[Date "2009.??.??"]
[Round "6.4"]
[White "Berbatov, Kiprian"]
[Black "Franco Alonso, Alejandro"]
[Result "0-1"]
[WhiteElo "2463"]
[BlackElo "2463"]
[PlyCount "58"]
[EventDate "2009.12.10"]
[EventType "tourn"]
[EventRounds "9"]

1. e4 c5 2. Nf3 e6 3. d4 cxd4 4. Nxd4 Nf6 5. Nc3 d6 6. Bc4 Be7 7. Bb3 Na6 8. f4
Nc5 9. e5 dxe5 10. fxe5 Nfd7 11. Ndb5 O-O 12. Bf4 Bg5 13. Bg3 a6 14. Nd6 Be3
15. Nc4 Nxb3 16. cxb3 Ba7 17. Qg4 f5 18. exf6 Nxf6 19. Qe2 e5 20. Nxe5 Re8 21.
h3 Bb8 22. Kf1 b5 23. Qf3 Bb7 24. Qxb7 Bxe5 25. Bxe5 Rxe5 26. Rd1 Qf8 27. Kg1
b4 28. Na4 Rae8 29. Kh2 Ng4+ 0-1

[Event "XIX Magistral de Elgoibar"]
[Site "Elgoibar"]
[Date "2009.??.??"]
[Round "6.5"]
[White "Astasio Lopez, David"]
[Black "Larino Nieto, David"]
[Result "0-1"]
[WhiteElo "2340"]
[BlackElo "2467"]
[PlyCount "96"]
[EventDate "2009.12.10"]
[EventType "tourn"]
[EventRounds "9"]

1. d4 f5 2. Nc3 Nf6 3. Bg5 e6 4. e4 fxe4 5. Bxf6 gxf6 6. Qh5+ Ke7 7. Nxe4 Bg7
8. Nf3 b6 9. O-O-O Qe8 10. Qh4 Qg6 11. Kb1 Qh6 12. Qg3 d6 13. Bd3 Rg8 14. h4
Nd7 15. Rde1 Nf8 16. Nh2 f5 17. Ng5 Bxd4 18. Bxf5 Qg7 19. Qb3 Qf6 20. Be4 Rb8
21. Ng4 Qg7 22. Bd5 Kd8 23. Rxe6 Nxe6 24. Bxe6 Re8 25. Re1 Bf6 26. Nxf6 Qxf6
27. Re3 Bxe6 28. Nxe6+ Kd7 29. Ng5 Rxe3 30. Qxe3 Re8 31. Qh3+ Kd8 32. a3 Re1+
33. Ka2 h6 34. Nf3 Qe6+ 35. Qxe6 Rxe6 36. Nd4 Re4 37. Nf5 Rf4 38. Nxh6 Rxh4 39.
Nf5 Rf4 40. Ne3 Rxf2 41. c4 Re2 42. Nd5 Rxg2 43. Kb3 Rg3+ 44. Kb4 c6 45. Nf6
Re3 46. b3 Ke7 47. Ng4 Rf3 48. a4 a5+ 0-1

[Event "XIX Magistral de Elgoibar"]
[Site "Elgoibar"]
[Date "2009.??.??"]
[Round "7.1"]
[White "Larino Nieto, David"]
[Black "Korneev, Oleg"]
[Result "1/2-1/2"]
[WhiteElo "2467"]
[BlackElo "2571"]
[PlyCount "81"]
[EventDate "2009.12.10"]
[EventType "tourn"]
[EventRounds "9"]

1. e4 c5 2. Nc3 a6 3. a4 e6 4. g3 d5 5. exd5 exd5 6. Bg2 Nf6 7. d3 d4 8. Nb1
Nc6 9. Ne2 Be6 10. Bg5 Bd5 11. Bxf6 gxf6 12. Nf4 Bxg2 13. Qe2+ Ne5 14. Nxg2
Qa5+ 15. Nd2 O-O-O 16. f4 Nc6 17. O-O Qc7 18. Nc4 Nb4 19. Rf2 Nd5 20. Qh5 b6
21. Re2 Kb7 22. Rae1 Qd7 23. Ra1 h6 24. Nh4 Rg8 25. Kh1 b5 26. axb5 axb5 27.
Qf3 Qg4 28. Qe4 Qe6 29. Qg2 Qd7 30. Ree1 Bg7 31. Nf5 Qxf5 32. Re7+ Kb8 33. Ra5
bxc4 34. Rb5+ Kc8 35. Rxc5+ Kb8 36. Rb5+ Kc8 37. dxc4 Rge8 38. Rc5+ Kb8 39.
Rb5+ Kc8 40. Rc5+ Kb8 41. Rb5+ 1/2-1/2

[Event "XIX Magistral de Elgoibar"]
[Site "Elgoibar"]
[Date "2009.??.??"]
[Round "7.2"]
[White "Franco Alonso, Alejandro"]
[Black "Astasio Lopez, David"]
[Result "1-0"]
[WhiteElo "2463"]
[BlackElo "2340"]
[PlyCount "69"]
[EventDate "2009.12.10"]
[EventType "tourn"]
[EventRounds "9"]

1. d4 d5 2. c4 e6 3. Nf3 Nf6 4. g3 Nbd7 5. Bg2 c6 6. O-O Bd6 7. Nc3 O-O 8. Nd2
Qe7 9. e4 dxe4 10. Ndxe4 Bc7 11. Re1 Rd8 12. Qc2 h6 13. b3 e5 14. d5 cxd5 15.
cxd5 Nxe4 16. Nxe4 Nb6 17. Ba3 Qxa3 18. Qxc7 Bf5 19. Qc5 Qb2 20. Nd6 Bg6 21.
Nxb7 Rac8 22. Qe3 Rd7 23. Na5 e4 24. Nc6 Nxd5 25. Qd4 Qxd4 26. Nxd4 f5 27. Bh3
Ne7 28. Rxe4 Rcd8 29. Re5 Rxd4 30. Rxe7 R8d7 31. Rae1 Kf8 32. Rxd7 Rxd7 33. Re5
Kf7 34. Ra5 Kf6 35. Ra6+ 1-0

[Event "XIX Magistral de Elgoibar"]
[Site "Elgoibar"]
[Date "2009.??.??"]
[Round "7.3"]
[White "Huerga Leache, Mikel"]
[Black "Berbatov, Kiprian"]
[Result "1-0"]
[WhiteElo "2435"]
[BlackElo "2463"]
[PlyCount "61"]
[EventDate "2009.12.10"]
[EventType "tourn"]
[EventRounds "9"]

1. e4 c5 2. Nf3 d6 3. d4 cxd4 4. Nxd4 Nf6 5. f3 e5 6. Nb3 Be6 7. c4 Nbd7 8. Be3
Rc8 9. Nc3 Bxc4 10. Bxc4 Rxc4 11. O-O a6 12. Nd5 Be7 13. Nxe7 Kxe7 14. Qe1 Qc7
15. Qg3 Ne8 16. Rac1 f6 17. Rxc4 Qxc4 18. Qf2 Qa4 19. Qc2 g6 20. Rd1 Qc6 21.
Qd3 Ng7 22. Na5 Qc7 23. Nxb7 Qxb7 24. Qxd6+ Ke8 25. Rc1 Kd8 26. Bd2 Qa7+ 27.
Kh1 a5 28. Rd1 Ke8 29. Bh6 Rf8 30. Bxg7 Rf7 31. Qe6+ 1-0

[Event "XIX Magistral de Elgoibar"]
[Site "Elgoibar"]
[Date "2009.??.??"]
[Round "7.4"]
[White "Mirzoev, Azer"]
[Black "Paunovic, Dragan"]
[Result "1/2-1/2"]
[WhiteElo "2617"]
[BlackElo "2554"]
[PlyCount "24"]
[EventDate "2009.12.10"]
[EventType "tourn"]
[EventRounds "9"]

1. g3 Nf6 2. Bg2 d5 3. Nf3 c6 4. O-O Bg4 5. h3 Bxf3 6. exf3 e6 7. d3 Be7 8. f4
O-O 9. Nd2 Nbd7 10. Nf3 Re8 11. Re1 a5 12. Ne5 a4 1/2-1/2

[Event "XIX Magistral de Elgoibar"]
[Site "Elgoibar"]
[Date "2009.??.??"]
[Round "7.5"]
[White "Franco Ocampos, Zenon"]
[Black "Cruz, Cristhian"]
[Result "1-0"]
[WhiteElo "2516"]
[BlackElo "2523"]
[PlyCount "77"]
[EventDate "2009.12.10"]
[EventType "tourn"]
[EventRounds "9"]

1. d4 e6 2. Nf3 Nf6 3. e3 b6 4. Bd3 Bb7 5. O-O d5 6. b3 Nbd7 7. Bb2 Bd6 8. c4
O-O 9. Nc3 a6 10. Rc1 Qe7 11. Na4 dxc4 12. bxc4 c5 13. Ne5 cxd4 14. exd4 Rad8
15. f4 Ba3 16. Qb3 Bxb2 17. Qxb2 Nxe5 18. fxe5 Ng4 19. Rce1 Qd7 20. Rf4 Nxe5
21. Bxh7+ Kxh7 22. Nxb6 Nf3+ 23. gxf3 Qe7 24. d5 Qc5+ 25. Qf2 Qxf2+ 26. Kxf2
exd5 27. Re7 Bc6 28. Rc7 Rd6 29. Rh4+ Kg6 30. Nc8 Rxc8 31. Rxc8 dxc4 32. Rxc4
Bb5 33. Rg4+ Kf6 34. Rc2 g6 35. a4 Bd7 36. Rgc4 Kg7 37. Rc7 Be6 38. Ke3 Kf6 39.
Rb7 1-0

[Event "XIX Magistral de Elgoibar"]
[Site "Elgoibar"]
[Date "2009.??.??"]
[Round "8.1"]
[White "Korneev, Oleg"]
[Black "Cruz, Cristhian"]
[Result "1-0"]
[WhiteElo "2571"]
[BlackElo "2523"]
[PlyCount "71"]
[EventDate "2009.12.10"]
[EventType "tourn"]
[EventRounds "9"]

1. e4 c5 2. Nf3 d6 3. d4 Nf6 4. Nc3 cxd4 5. Nxd4 a6 6. Be3 e5 7. Nf3 Be7 8. Bc4
O-O 9. O-O Nc6 10. Bg5 Be6 11. Bb3 Nd7 12. Bxe7 Qxe7 13. Nd5 Qd8 14. Qe2 Na5
15. Rad1 Rc8 16. h3 b5 17. Rd2 Nc4 18. Bxc4 Rxc4 19. Rfd1 Nc5 20. Nc3 Qa8 21.
Ng5 Nb7 22. a4 Qe8 23. axb5 axb5 24. Qh5 h6 25. Nxe6 Qxe6 26. Nxb5 Rb4 27. Nxd6
Rxb2 28. Nf5 Qf6 29. Rd3 Rd8 30. Rg3 g6 31. Nxh6+ Kf8 32. Rxd8+ Nxd8 33. Qd1
Ne6 34. Qd6+ Ke8 35. Rf3 Qd8 36. Nxf7 1-0

[Event "XIX Magistral de Elgoibar"]
[Site "Elgoibar"]
[Date "2009.??.??"]
[Round "8.3"]
[White "Berbatov, Kiprian"]
[Black "Mirzoev, Azer"]
[Result "0-1"]
[WhiteElo "2463"]
[BlackElo "2617"]
[PlyCount "94"]
[EventDate "2009.12.10"]
[EventType "tourn"]
[EventRounds "9"]

1. e4 c6 2. d4 d5 3. e5 Bf5 4. Nc3 Qb6 5. Nf3 e6 6. Be2 Nd7 7. O-O h6 8. b3 Ne7
9. Na4 Qd8 10. c4 Bh7 11. Ba3 Nc8 12. Bxf8 Nxf8 13. cxd5 exd5 14. b4 Ne6 15. b5
O-O 16. bxc6 bxc6 17. Rc1 Ne7 18. Qd2 Rb8 19. Qc3 Be4 20. Rfd1 Nf5 21. Nc5 Nxc5
22. dxc5 Bxf3 23. Bxf3 Qg5 24. g3 Nh4 25. Bh1 Ng6 26. Re1 Rfe8 27. Qa3 Rb7 28.
Qa6 Rc7 29. Bg2 Rxe5 30. f4 Rxe1+ 31. Rxe1 Qd8 32. h4 Nf8 33. Bh3 Nh7 34. Rb1
Qe8 35. Qd3 Nf6 36. Bg2 Re7 37. Qf5 Re6 38. h5 Re1+ 39. Rxe1 Qxe1+ 40. Kh2 Qe6
41. Bh3 Qxf5 42. Bxf5 Kf8 43. g4 Ke7 44. Kg3 Nd7 45. Bxd7 Kxd7 46. Kf3 f5 47.
g5 d4 0-1

[Event "XIX Magistral de Elgoibar"]
[Site "Elgoibar"]
[Date "2009.??.??"]
[Round "8.4"]
[White "Astasio Lopez, David"]
[Black "Huerga Leache, Mikel"]
[Result "1/2-1/2"]
[WhiteElo "2340"]
[BlackElo "2435"]
[PlyCount "22"]
[EventDate "2009.12.10"]
[EventType "tourn"]
[EventRounds "9"]

1. d4 c5 2. d5 Nf6 3. c4 e6 4. Nc3 exd5 5. cxd5 d6 6. e4 g6 7. Nf3 Bg7 8. Bd3
O-O 9. O-O Bg4 10. h3 Bxf3 11. Qxf3 Re8 1/2-1/2

[Event "XIX Magistral de Elgoibar"]
[Site "Elgoibar"]
[Date "2009.??.??"]
[Round "8.5"]
[White "Larino Nieto, David"]
[Black "Franco Alonso, Alejandro"]
[Result "1/2-1/2"]
[WhiteElo "2467"]
[BlackElo "2463"]
[PlyCount "122"]
[EventDate "2009.12.10"]
[EventType "tourn"]
[EventRounds "9"]

1. e4 c5 2. Nc3 Nc6 3. g3 g6 4. Bg2 Bg7 5. d3 d6 6. f4 e6 7. Nf3 Nge7 8. O-O
O-O 9. Be3 b6 10. d4 d5 11. exd5 Nf5 12. Bf2 Ncxd4 13. Ne5 exd5 14. Nxd5 Be6
15. c4 Rc8 16. a4 Re8 17. Re1 Qd6 18. g4 Ne7 19. Bxd4 cxd4 20. Qxd4 Nxd5 21.
Bxd5 g5 22. Rad1 gxf4 23. Qxf4 Bxd5 24. Rxd5 Qc7 25. Re4 Qe7 26. g5 Rc5 27. Rd7
Qe6 28. Rd6 Qxe5 29. Rxe5 Bxe5 30. Qd2 Bxd6 31. Qxd6 Rxc4 32. Kf2 Rxa4 33. b4
Ra2+ 34. Kf3 Rae2 35. h4 R2e6 36. Qc7 Re3+ 37. Kf2 Re2+ 38. Kf3 R2e3+ 39. Kf2
R3e7 40. Qd6 Re6 41. Qc7 Re4 42. Qd7 a5 43. b5 a4 44. Qa7 Rxh4 45. Qxb6 a3 46.
Qc6 Rhe4 47. Qa6 Re2+ 48. Kf3 a2 49. b6 Rb2 50. b7 Rb8 51. Qa8 R2xb7 52. Qxa2
Rb3+ 53. Ke4 R3b5 54. Qd2 Re8+ 55. Kf4 Rbe5 56. Qc2 Kg7 57. Kg4 Re4+ 58. Kh5
R8e5 59. Qc6 Rf4 60. Qh6+ Kg8 61. Qxh7+ Kxh7 1/2-1/2

[Event "XIX Magistral de Elgoibar"]
[Site "Elgoibar"]
[Date "2009.??.??"]
[Round "9.1"]
[White "Franco Alonso, Alejandro"]
[Black "Korneev, Oleg"]
[Result "1/2-1/2"]
[WhiteElo "2463"]
[BlackElo "2571"]
[PlyCount "22"]
[EventDate "2009.12.10"]
[EventType "tourn"]
[EventRounds "9"]

1. d4 d5 2. c4 c6 3. cxd5 cxd5 4. Nc3 Nf6 5. Bf4 Nc6 6. e3 a6 7. Rc1 Bg4 8. Be2
Bxe2 9. Qxe2 e6 10. Nf3 Be7 11. O-O O-O 1/2-1/2

[Event "XIX Magistral de Elgoibar"]
[Site "Elgoibar"]
[Date "2009.??.??"]
[Round "9.2"]
[White "Huerga Leache, Mikel"]
[Black "Larino Nieto, David"]
[Result "1/2-1/2"]
[WhiteElo "2435"]
[BlackElo "2467"]
[PlyCount "29"]
[EventDate "2009.12.10"]
[EventType "tourn"]
[EventRounds "9"]

1. d4 e6 2. Nd2 d5 3. e3 Nf6 4. Bd3 Bd6 5. Ngf3 Nbd7 6. Qe2 Qe7 7. e4 dxe4 8.
Nxe4 Nxe4 9. Qxe4 e5 10. dxe5 Nxe5 11. Nxe5 Qxe5 12. O-O Qxe4 13. Bxe4 O-O 14.
Be3 Be5 15. Rad1 1/2-1/2

[Event "XIX Magistral de Elgoibar"]
[Site "Elgoibar"]
[Date "2009.??.??"]
[Round "9.3"]
[White "Mirzoev, Azer"]
[Black "Astasio Lopez, David"]
[Result "1-0"]
[WhiteElo "2617"]
[BlackElo "2340"]
[PlyCount "99"]
[EventDate "2009.12.10"]
[EventType "tourn"]
[EventRounds "9"]

1. d4 d5 2. c4 e6 3. Nc3 Nf6 4. cxd5 exd5 5. Bg5 Be7 6. e3 O-O 7. Bd3 Nbd7 8.
Nge2 Re8 9. Qc2 Nf8 10. h3 Be6 11. O-O-O c6 12. g4 b5 13. f4 a5 14. Kb1 a4 15.
Ng3 Qa5 16. Nce2 b4 17. Qd2 Ne4 18. Bxe4 dxe4 19. Bxe7 Rxe7 20. Nc1 Bd5 21. Rh2
Rea7 22. f5 Nd7 23. Nh5 Nb6 24. f6 g6 25. Nf4 Nc4 26. Qe1 Qd8 27. g5 Na5 28.
Qxb4 Nc4 29. Qc3 Rb7 30. Re1 Rab8 31. Ree2 Qd6 32. Ka1 Rb5 33. h4 R8b7 34. h5
Qb8 35. hxg6 fxg6 36. Nxd5 cxd5 37. Reg2 R5b6 38. Rf2 Rb5 39. a3 Ra5 40. Re2
Rab5 41. Na2 Rb3 42. Qc1 Rd7 43. Nc3 Qa7 44. Nxd5 Qa6 45. Rc2 Nd6 46. Nb4 Qb5
47. Rc5 Qb7 48. Rhc2 Nb5 49. Rc8+ Kf7 50. R2c6 1-0

[Event "XIX Magistral de Elgoibar"]
[Site "Elgoibar"]
[Date "2009.??.??"]
[Round "9.4"]
[White "Franco Ocampos, Zenon"]
[Black "Berbatov, Kiprian"]
[Result "1-0"]
[WhiteElo "2516"]
[BlackElo "2463"]
[PlyCount "69"]
[EventDate "2009.12.10"]
[EventType "tourn"]
[EventRounds "9"]

1. c4 g6 2. g3 Bg7 3. Bg2 Nf6 4. Nc3 O-O 5. e4 c5 6. Nge2 Nc6 7. O-O Ne8 8. d3
Nc7 9. a3 d6 10. Rb1 a5 11. Be3 Ne6 12. Nb5 Bd7 13. b3 Ncd4 14. Nbxd4 cxd4 15.
Bd2 b5 16. Nf4 Nc5 17. b4 axb4 18. axb4 Nxd3 19. Nxd3 bxc4 20. Nf4 Ra2 21. Ra1
Qa8 22. Nd5 c3 23. Rxa2 Qxa2 24. Nxe7+ Kh8 25. Bf4 Bb5 26. Re1 d3 27. Bf1 d2
28. Bxb5 dxe1=Q+ 29. Qxe1 c2 30. Bd3 Re8 31. Nc6 Qb3 32. Qe2 Qb1+ 33. Qf1 c1=Q
34. Bxc1 Qb3 35. Be3 1-0